[Event "BL2-Nord 1415"]
[Site "Germany"]
[Date "2015.02.01"]
[Round "6.8"]
[White "Schulz, Karsten"]
[Black "Maniocha, Andrzej"]
[Result "1-0"]
[WhiteElo "2292"]
[BlackElo "2070"]
[PlyCount "125"]
[EventDate "2014.09.21"]
[EventType "team-tourn"]
[EventRounds "9"]
[EventCountry "GER"]
[SourceTitle "CBM 166 Extra"]
[Source "ChessBase"]
[SourceDate "2015.06.18"]
[SourceVersion "1"]
[SourceVersionDate "2015.06.18"]
[SourceQuality "1"]
[WhiteTeam "Schwerin"]
[BlackTeam "Ruedersdorf"]
[WhiteTeamCountry "GER"]
[BlackTeamCountry "GER"]

1. Nf3 d5 2. g3 Bf5 3. Bg2 e6 4. 0-0 Nf6 5. d3 Be7 6. c4 c6 7. cxd5 exd5 8. Nc3 0-0 9. Nd4 Bc8 10. e4 dxe4 11. dxe4 Bc5 12. Nb3 Bb6 13. Bg5 Qxd1 14. Raxd1 Na6 15. Na4 Bc7 16. Nac5 Nxc5 17. Nxc5 b6 18. Bxf6 gxf6 19. Nd7 Bxd7 20. Rxd7 Be5 21. b3 c5 22. Rfd1 Bd4 23. Kf1 Rfd8 24. Rd5 Kf8 25. Rh5 Kg7 26. Rd5 Rab8 27. Bf3 Re8 28. Rd7 a6 29. Bh5 Rf8 30. Bg4 Rbe8 31. Bf5 Kg8 32. Rd6 Rb8 33. f4 a5 34. Rd3 Rfe8 35. g4 Kg7 36. g5 fxg5 37. fxg5 b5 38. Rh3 Rh8 39. Rd7 Rb6 40. Rf3 Be5 41. Rd5 Bd6 42. e5 Be7 43. h4 a4 44. Rd7 Re8 45. Bg4 axb3 46. axb3 Kg6 47. Rc7 c4 48. Bd7 Bd8 49. Bxe8 Bxc7 50. Bxf7+ Kg7 51. Bd5 Bxe5 52. h5 Rb8 53. Rf7+ Kh8 54. Be4 Kg8 55. Re7 Bf4 56. Bd5+ Kf8 57. Rf7+ Ke8 58. Rxf4 cxb3 59. Bxb3 Rc8 60. g6 hxg6 61. hxg6 Rc7 62. Rf7 Rc1+ 63. Kf2 1-0

[Event "Police Gniota Memorial 28th"]
[Site "Police"]
[Date "2013.07.16"]
[Round "7"]
[White "Simantsev, Mikhail"]
[Black "Maniocha, Andrzej"]
[Result "1-0"]
[WhiteElo "2473"]
[BlackElo "2118"]
[PlyCount "73"]
[EventDate "2013.07.10"]
[EventType "swiss"]
[EventRounds "9"]
[EventCountry "POL"]
[SourceTitle "CBM 155 Extra"]
[Source "ChessBase"]
[SourceDate "2013.08.26"]
[SourceVersion "1"]
[SourceVersionDate "2013.08.26"]
[SourceQuality "1"]

1. d4 Nf6 2. c4 e6 3. Nc3 Bb4 4. f3 c5 5. d5 Bxc3+ 6. bxc3 Qa5 7. e4 Qxc3+ 8. Bd2 Qe5 9. Ne2 Qc7 10. Bc3 d6 11. g4 Qe7 12. Ng3 h6 13. h4 Nbd7 14. dxe6 fxe6 15. Qd2 Ne5 16. Be2 b6 17. f4 Nc6 18. g5 hxg5 19. fxg5 Nd7 20. 0-0-0 Nde5 21. Qxd6 Qxd6 22. Rxd6 Ke7 23. Rxc6 Nxc6 24. Bxg7 Rh7 25. Bf6+ Kf8 26. g6 Rc7 27. h5 Ne7 28. Rf1 Kg8 29. e5 Ba6 30. Bd3 Rf8 31. h6 Nxg6 32. Bxg6 Bxc4 33. Rh1 Rh7 34. Ne4 Bd5 35. Rg1 Rxh6 36. Bf5+ Kf7 37. Nd6# 1-0

[Event "Police Gniota Memorial 26th"]
[Site "Police"]
[Date "2011.07.08"]
[Round "4"]
[White "Jacek, Roksana"]
[Black "Maniocha, Andrzej"]
[Result "1-0"]
[WhiteElo "1807"]
[BlackElo "2191"]
[PlyCount "113"]
[EventDate "2011.07.05"]
[EventType "swiss"]
[EventRounds "9"]
[EventCountry "POL"]
[SourceTitle "CBM 143 Extra"]
[Source "ChessBase"]
[SourceDate "2011.08.29"]
[SourceVersion "1"]
[SourceVersionDate "2011.08.29"]
[SourceQuality "1"]

1. e4 g6 2. d4 Bg7 3. c3 c6 4. Nf3 d5 5. e5 Bg4 6. h3 Bxf3 7. Qxf3 c5 8. Bb5+ Nc6 9. 0-0 Qb6 10. Bxc6+ bxc6 11. dxc5 Qxc5 12. Re1 e6 13. Nd2 Qb6 14. Nb3 Ne7 15. Bg5 Rc8 16. Rad1 h5 17. Be3 Qb8 18. Bd4 h4 19. Nc5 Rh5 20. Qd3 Qb5 21. Qxb5 cxb5 22. Nb7 Nf5 23. a3 Bf8 24. Rc1 Rc7 25. Na5 Bh6 26. Rcd1 Ne7 27. Nb3 Nc6 28. Bc5 Bf4 29. Bd6 Rc8 30. Nd4 Nxd4 31. Rxd4 Rc4 32. Re2 Kd7 33. b3 Rxd4 34. cxd4 f6 35. Kf1 Rh8 36. Rc2 Rc8 37. Rxc8 Kxc8 38. Ke2 fxe5 39. dxe5 Kd7 40. Kd3 Kc6 41. Kd4 Bg5 42. Kd3 a6 43. Bf8 Bd8 44. Bd6 Bb6 45. f3 Bc5 46. Bxc5 Kxc5 47. b4+ Kc6 48. f4 Kd7 49. Ke3 Ke7 50. Kf3 Kf7 51. Kg4 d4 52. Kf3 g5 53. Ke4 gxf4 54. Kxd4 Kg6 55. Kc5 Kg5 56. Kc6 Kg6 57. Kd7 1-0

[Event "Police Gniota Memorial 25th"]
[Site "Police"]
[Date "2010.07.10"]
[Round "4"]
[White "Urban, Klaudiusz"]
[Black "Maniocha, Andrzej"]
[Result "1-0"]
[WhiteElo "2478"]
[BlackElo "2211"]
[PlyCount "35"]
[EventDate "2010.07.07"]
[EventType "swiss"]
[EventRounds "9"]
[EventCountry "POL"]
[SourceTitle "EXT 2011"]
[Source "ChessBase"]
[SourceDate "2010.11.26"]
[SourceVersion "1"]
[SourceVersionDate "2010.11.26"]
[SourceQuality "1"]

1. d4 Nf6 2. c4 e6 3. g3 Bb4+ 4. Nd2 c5 5. dxc5 Na6 6. Bg2 Qa5 7. a3 Bxc5 8. Ngf3 Bxf2+ 9. Kxf2 Ng4+ 10. Ke1 Qb6 11. Ne4 d5 12. c5 Qc7 13. Nd6+ Kf8 14. b4 b6 15. Nxc8 bxc5 16. Qa4 Qxc8 17. b5 Nb8 18. Qxg4 1-0

[Event "Police Gniota Memorial 25th"]
[Site "Police"]
[Date "2010.07.07"]
[Round "1"]
[White "Jacek, Roksana"]
[Black "Maniocha, Andrzej"]
[Result "0-1"]
[WhiteElo "1702"]
[BlackElo "2211"]
[PlyCount "60"]
[EventDate "2010.07.07"]
[EventType "swiss"]
[EventRounds "9"]
[EventCountry "POL"]
[SourceTitle "EXT 2011"]
[Source "ChessBase"]
[SourceDate "2010.11.26"]
[SourceVersion "1"]
[SourceVersionDate "2010.11.26"]
[SourceQuality "1"]

1. e4 c5 2. c3 e6 3. d4 d5 4. exd5 exd5 5. Nf3 Nc6 6. Be3 cxd4 7. Nxd4 Nf6 8. Bd3 Be7 9. 0-0 0-0 10. Nd2 Ne5 11. Bc2 Re8 12. N2f3 Ng6 13. Re1 Bg4 14. h3 Bd7 15. Bb3 b5 16. a4 a6 17. axb5 axb5 18. Qd3 Rxa1 19. Rxa1 Qb8 20. Nf5 Bf8 21. Bxd5 Ne5 22. Nxe5 Qxe5 23. Bxf7+ Kxf7 24. Ra7 Qe6 25. Bg5 Bc5 26. Rb7 Qc6 27. Bxf6 Qxb7 28. Qg3 Kxf6 29. Qxg7+ Kxf5 30. Qf7+ Ke5 0-1

[Event "Police Gniota Memorial 24th"]
[Site "Police"]
[Date "2009.07.11"]
[Round "4"]
[White "Sopur, Lech"]
[Black "Maniocha, Andrzej"]
[Result "1-0"]
[WhiteElo "2425"]
[BlackElo "2244"]
[PlyCount "135"]
[EventDate "2009.07.08"]
[EventType "swiss"]
[EventRounds "9"]
[EventCountry "POL"]
[SourceTitle "CBM 131 Extra"]
[Source "ChessBase"]
[SourceDate "2009.09.03"]
[SourceVersion "2"]
[SourceVersionDate "2009.09.16"]
[SourceQuality "1"]

1. d4 Nf6 2. c4 e6 3. Nf3 Bb4+ 4. Bd2 Bxd2+ 5. Qxd2 d5 6. Nc3 0-0 7. Rc1 Qe7 8. e3 Rd8 9. Qc2 Nbd7 10. Bd3 c5 11. cxd5 cxd4 12. Nxd4 Nc5 13. dxe6 Nxd3+ 14. Qxd3 Bxe6 15. 0-0 Rac8 16. Rfd1 Ng4 17. h3 Nf6 18. Qb5 a6 19. Qb6 Rd6 20. Qa5 Qd7 21. Na4 Rd5 22. Nc5 Qd6 23. Ncxe6 Rxc1 24. Rxc1 fxe6 25. Qc7 Qxc7 26. Rxc7 e5 27. Nf3 Rd1+ 28. Kh2 h6 29. Rxb7 e4 30. Nh4 Rd2 31. Nf5 Rxf2 32. Nxg7 Nd5 33. Kg1 Rf8 34. Ne6 Rf6 35. Nc5 Nxe3 36. Nxe4 Rf1+ 37. Kh2 Ra1 38. Nf6+ Kf8 39. a3 Nf1+ 40. Kg1 Nd2+ 41. Kf2 Rf1+ 42. Ke2 Rxf6 43. Kxd2 Rf2+ 44. Ke3 Rxg2 45. Kf3 Rd2 46. Kg4 Rd3 47. h4 Rd5 48. b4 h5+ 49. Kf4 Rd3 50. a4 a5 51. bxa5 Rd4+ 52. Kg5 Rxa4 53. Ra7 Ra1 54. Kxh5 Rc1 55. Kg6 Rc6+ 56. Kh7 Rc5 57. a6 Rc6 58. h5 Rd6 59. h6 Rc6 60. Ra8+ Kf7 61. a7 Rc7 62. Rg8 Kf6+ 63. Rg7 Rc8 64. Rg6+ Kf7 65. Rb6 Ra8 66. Ra6 Kf8 67. Kg6 Kg8 68. Rb6 1-0

[Event "Police Gniota Memorial 22nd"]
[Site "Police"]
[Date "2007.07.16"]
[Round "6"]
[White "Maniocha, Andrzej"]
[Black "Lasinskas, Povilas"]
[Result "0-1"]
[WhiteElo "2285"]
[BlackElo "2183"]
[PlyCount "78"]
[EventDate "2007.07.11"]
[EventType "swiss"]
[EventRounds "9"]
[EventCountry "POL"]
[SourceTitle "CBM 119 Extra"]
[Source "ChessBase"]
[SourceDate "2007.09.04"]
[SourceVersion "1"]
[SourceVersionDate "2007.09.04"]
[SourceQuality "1"]

1. Nf3 d6 2. d4 Nf6 3. c3 b6 4. Bf4 Bb7 5. e3 Nbd7 6. Be2 g6 7. h3 Bg7 8. 0-0 0-0 9. a4 a5 10. Re1 Ne4 11. Na3 e5 12. Bh2 f5 13. dxe5 dxe5 14. Nb5 g5 15. Qb3+ Kh8 16. Rad1 Qe7 17. Nxc7 Ndc5 18. Nd5 Qe6 19. Qc4 Rac8 20. Rf1 Ba6 21. Qxa6 Nxa6 22. Bxa6 Rc5 23. c4 g4 24. hxg4 fxg4 25. Nd2 Nxd2 26. Rxd2 h5 27. f3 h4 28. fxg4 Rxf1+ 29. Kxf1 Qxg4 30. b3 Qf5+ 31. Ke2 Qe4 32. Kf2 Rc6 33. c5 Rxc5 34. Bc4 Rc6 35. Ne7 Rf6+ 36. Ke1 Qxe3+ 37. Kd1 Bh6 38. Rc2 Rd6+ 39. Nd5 Rxd5+ 0-1

[Event "Police Gniota Memorial 22nd"]
[Site "Police"]
[Date "2007.07.11"]
[Round "1"]
[White "Jacek, Krystian"]
[Black "Maniocha, Andrzej"]
[Result "1/2-1/2"]
[WhiteElo "1940"]
[BlackElo "2285"]
[PlyCount "109"]
[EventDate "2007.07.11"]
[EventType "swiss"]
[EventRounds "9"]
[EventCountry "POL"]
[SourceTitle "CBM 119 Extra"]
[Source "ChessBase"]
[SourceDate "2007.09.04"]
[SourceVersion "1"]
[SourceVersionDate "2007.09.04"]
[SourceQuality "1"]

1. e4 c5 2. Nf3 Nc6 3. d4 cxd4 4. Nxd4 Nf6 5. Nc3 d6 6. Bg5 e6 7. Qd2 a6 8. 0-0-0 Bd7 9. f4 b5 10. Nxc6 Bxc6 11. Qd4 Be7 12. e5 dxe5 13. Qxe5 Qb8 14. Bxf6 Bxf6 15. Qxb8+ Rxb8 16. Rg1 Ke7 17. g3 b4 18. Nb1 Bd5 19. b3 Bf3 20. Rd2 a5 21. Bg2 Bxg2 22. Rgxg2 g5 23. Rd3 gxf4 24. gxf4 Rhg8 25. Rdg3 Rg6 26. Nd2 Bd4 27. Nc4 Rb5 28. Rd2 Bc3 29. Rdd3 Rf5 30. a4 Rh6 31. h3 Rhf6 32. Nd6 Rd5 33. Ne4 Rxd3 34. Rxd3 Rxf4 35. Nxc3 bxc3 36. Rxc3 Kd6 37. Kd2 e5 38. Rd3+ Ke6 39. c4 f5 40. Rd5 Rf3 41. Rxa5 Rxb3 42. Ra6+ Kd7 43. Ra5 Kd6 44. Rd5+ Ke6 45. Rd3 Rb4 46. c5 e4 47. Rc3 Rb2+ 48. Kc1 Rb7 49. a5 Rc7 50. a6 Kd7 51. Kd2 Ra7 52. Ke3 Rxa6 53. Kf4 Ra4 54. Ke5 Rb4 55. Re3 1/2-1/2

[Event "Greifswald Ryck op"]
[Site "Greifswald"]
[Date "2004.08.29"]
[Round "6"]
[White "Berger, Steve"]
[Black "Maniocha, Andrzej"]
[Result "1/2-1/2"]
[WhiteElo "2389"]
[BlackElo "2252"]
[PlyCount "96"]
[EventDate "2004.08.26"]
[EventType "swiss"]
[EventRounds "7"]
[EventCountry "GER"]
[SourceTitle "EXT 2023"]
[Source "ChessBase"]
[SourceDate "2022.10.05"]
[SourceVersion "1"]
[SourceVersionDate "2022.10.05"]
[SourceQuality "1"]

1. Nc3 d5 2. e4 dxe4 3. Nxe4 Bf5 4. Ng3 Bg6 5. f4 e6 6. Bc4 Nc6 7. N1e2 Bc5 8. Bb5 Nge7 9. d4 Bb6 10. c3 Qd5 11. Bxc6+ Qxc6 12. 0-0 h5 13. h4 a5 14. Be3 Qd7 15. c4 c6 16. Qb3 Bd8 17. Rad1 a4 18. Qc3 Ba5 19. b4 axb3 20. Qxb3 b5 21. cxb5 cxb5 22. d5 0-0 23. dxe6 Qxe6 24. Qxe6 fxe6 25. Bc5 Rfe8 26. Rd7 Nd5 27. Bd4 Nf6 28. Rb7 Rab8 29. Rxb8 Rxb8 30. f5 exf5 31. Nxf5 Bd8 32. Neg3 Ra8 33. Rf2 Ra4 34. Rd2 Ba5 35. Re2 Bb4 36. Re6 Bf7 37. Rb6 Rxa2 38. Rxb5 Bf8 39. Bxf6 gxf6 40. Rb8 Be6 41. Nh6+ Kg7 42. Ngf5+ Bxf5 43. Nxf5+ Kf7 44. Rb7+ Kg6 45. Ne7+ Bxe7 46. Rxe7 Ra4 47. g3 Ra2 48. Re4 Rb2 1/2-1/2

[Event "Berlin Unicorn op"]
[Site "Berlin"]
[Date "2004.05.22"]
[Round "5"]
[White "Maniocha, Andrzej"]
[Black "Kroutikov, Arkadi"]
[Result "1/2-1/2"]
[WhiteElo "2261"]
[BlackElo "2114"]
[PlyCount "94"]
[EventDate "2004.05.??"]
[EventType "swiss"]
[EventRounds "7"]
[EventCountry "GER"]
[SourceTitle "CBM 100 Extra"]
[Source "ChessBase"]
[SourceDate "2004.07.06"]
[SourceVersion "2"]
[SourceVersionDate "2004.07.06"]
[SourceQuality "1"]

1. c4 Nf6 2. Nc3 d6 3. g3 g6 4. Bg2 Bg7 5. e3 Nbd7 6. Nge2 0-0 7. 0-0 c6 8. b4 d5 9. b5 cxb5 10. cxb5 Ne5 11. Qb3 e6 12. a4 b6 13. Nd4 Bb7 14. f4 Ned7 15. Ba3 Re8 16. a5 bxa5 17. Nc6 Bxc6 18. bxc6 Qb6 19. Rab1 Qxc6 20. Rfc1 Rab8 21. Nb5 Qa8 22. Qa4 Rec8 23. Rxc8+ Rxc8 24. Qxa5 Bf8 25. Bxf8 Kxf8 26. Ra1 a6 27. Qb4+ Kg8 28. Qe7 Rc6 29. Nd4 Rb6 30. Bf1 Qf8 31. Qxf8+ Kxf8 32. Bxa6 Rb2 33. Nf3 Nc5 34. Bf1 Nb3 35. Ra8+ Kg7 36. Rb8 Rb1 37. Rb5 Ne4 38. d3 Nc3 39. Rb7 Nd1 40. Bh3 Nxe3+ 41. Kf2 Nd1+ 42. Ke2 Nc3+ 43. Kf2 Nc5 44. Rxb1 Nxb1 45. Ke3 Na3 46. Nd4 Nb1 47. Nb5 Na4 1/2-1/2

[Event "Berlin Unicorn op"]
[Site "Berlin"]
[Date "2004.05.21"]
[Round "4"]
[White "Mueller, Reinhard"]
[Black "Maniocha, Andrzej"]
[Result "0-1"]
[WhiteElo "2020"]
[BlackElo "2261"]
[PlyCount "34"]
[EventDate "2004.05.??"]
[EventType "swiss"]
[EventRounds "7"]
[EventCountry "GER"]
[SourceTitle "CBM 100 Extra"]
[Source "ChessBase"]
[SourceDate "2004.07.06"]
[SourceVersion "2"]
[SourceVersionDate "2004.07.06"]
[SourceQuality "1"]

1. e4 c5 2. Nf3 Nc6 3. d4 cxd4 4. Nxd4 e6 5. Nc3 d6 6. Be3 Nf6 7. f3 a6 8. Qd2 Qc7 9. g4 b5 10. g5 Nd7 11. f4 Nb6 12. Ndxb5 axb5 13. Nxb5 Qb8 14. Bxb6 Qxb6 15. Nxd6+ Bxd6 16. Qxd6 Qe3+ 17. Kd1 Bb7 0-1